Nghiên cứu quá trình tổng hợp phức Hexaaminniken(II)sunfat [Ni(NH3)6]SO4

Tổng quan các vấn đề nghiên cứu nghiên cứu quá trình tổng hợp phức Hexaaminniken(II)sunfat [Ni(NH3)6]SO4 Nguyên liệu và phương pháp nghiên cứu. Kết quả và bàn luận: kết quả khảo sát điều kiện tối ưu; một số hình ảnh ; quy trình tổng hợp phức [Ni(NH3)6]SO4 tối ưu. Kết quả xác định thành phần của phức...

Szczegółowa specyfikacja

Zapisane w:
Opis bibliograficzny
1. autor: Nguyễn, Thị Lệ Nguyên
Kolejni autorzy: Ngô, Thị Mỹ Bình Th.S (Hướng dẫn)
Format: Książka
Język:Vietnamese
Wydane: Đại học Đà Nẵng Trường đại học Sư Phạm 2011
Seria:Khóa luận tốt nghiệp đại học. Chuyên ngành: Sư phạm hóa
Hasła przedmiotowe:
Etykiety: Dodaj etykietę
Nie ma etykietki, Dołącz pierwszą etykiete!
Thư viện lưu trữ: Mạng thư viện Đại học Đà Nẵng
LEADER 01757nam a2200349 4500
001 000012516
003 8819
005 20120221140245.0
008 120221s2011 viesd
041 |a vie 
072 |a Khóa luận tốt nghiệp 
082 |a 546.25  |b NG-N 
100 |a Nguyễn, Thị Lệ Nguyên 
245 |a Nghiên cứu quá trình tổng hợp phức Hexaaminniken(II)sunfat [Ni(NH3)6]SO4  |c Nguyễn, Thị Lệ Nguyên 
260 |a Đại học Đà Nẵng  |b Trường đại học Sư Phạm  |c 2011 
300 |a 48 tr.  |b hình mhọa  |c 29 cm 
490 |a Khóa luận tốt nghiệp đại học. Chuyên ngành: Sư phạm hóa 
500 |a Tham khảo tr.48 
520 |a Tổng quan các vấn đề nghiên cứu nghiên cứu quá trình tổng hợp phức Hexaaminniken(II)sunfat [Ni(NH3)6]SO4 Nguyên liệu và phương pháp nghiên cứu. Kết quả và bàn luận: kết quả khảo sát điều kiện tối ưu; một số hình ảnh ; quy trình tổng hợp phức [Ni(NH3)6]SO4 tối ưu. Kết quả xác định thành phần của phức [Ni(NH3)6]SO4 bằng phương pháp đo 
653 |a Khóa luận tốt nghiệp đại học 
653 |a Khoa Hóa học 
700 |a Ngô, Thị Mỹ Bình  |c Th.S  |e Hướng dẫn 
OWN |a LSP 
AVA |a UDN50  |b LSP  |d 546.25 NG-N  |e available  |t Error 5001 Not defined in file expand_doc_bib_avail.  |f 1  |g 0  |h N  |i 0  |k 1 
999 |a From the UDN01 
AVA |a UDN50  |b LSP  |d 546.25 NG-N  |e available  |t Error 5001 Not defined in file expand_doc_bib_avail.  |f 1  |g 0  |h N  |i 0  |k 1 
TYP |a Monograph 
TYP |a Printed language 
980 |a Mạng thư viện Đại học Đà Nẵng